000 00517nam a2200193Ia 4500
005 20250923144600.0
008 008 250917s9999 xx 000 0 eng d
037 _aTextual
040 _aDSWL
_beng
_cDSWL
041 _aeng
_2eng
084 _aS:51, J7
_qDSWL
100 _aSzasz, Thomas
_9826318
245 0 _aPain and pleasure
_cby Thomas Szasz.
260 _aLondon
_b Tavistock
_c1957
365 _aINR
_b30
925 _g30
942 _cTEXL
_hS:51, J7
999 _c1440798
_d1440798